[Event "Bundesliga 9697"]
[Site "Deutschland"]
[Date "1997.??.??"]
[Round "?.4"]
[White "Boensch, Uwe"]
[Black "Hausrath, Daniel"]
[Result "1/2-1/2"]
[WhiteElo "2520"]
[BlackElo "2425"]
[PlyCount "103"]
[EventDate "1996.10.??"]
[EventType "team"]
[EventRounds "15"]
[EventCountry "GER"]
[SourceTitle "Bundesliga 9697"]
[Source "DeepChess"]
[SourceDate "2005.01.01"]
[SourceVersion "1"]
[SourceVersionDate "2005.01.01"]
[SourceQuality "1"]
[WhiteTeam "SV Empor Berlin e.V."]
[BlackTeam "PSV/BSV Wuppertal 1921 e.V."]
[WhiteTeamCountry "GER"]
[BlackTeamCountry "GER"]

1. d4 Nf6 2. c4 g6 3. Nc3 Bg7 4. e4 d6 5. Bd3 O-O 6. Nge2 Nc6 7. O-O e5 8. d5
Nd4 9. f3 c5 10. Rb1 Nd7 11. b4 cxb4 12. Rxb4 Nxe2+ 13. Qxe2 Nc5 14. Be3 b6 15.
Bc2 f5 16. Rfb1 Bd7 17. R4b2 Nb7 18. Ba4 Bxa4 19. Nxa4 fxe4 20. fxe4 Qh4 21.
Nc3 Bh6 22. Bf2 Qe7 23. Nb5 Qd7 24. Rb3 Na5 25. Rh3 Bg5 26. Be1 Nb7 27. Bb4 Rf6
28. Rf3 Rxf3 29. Qxf3 Rf8 30. Qe2 a6 31. Nc3 Qc7 32. Nd1 Nc5 33. Nf2 Nd7 34. g3
h5 35. Rf1 Kg7 36. Kg2 Bh6 37. Nd1 Rxf1 38. Kxf1 Nf6 39. Nf2 h4 40. Qd3 hxg3
41. hxg3 Nh5 42. Be1 Nf6 43. Qb3 Nd7 44. Qa4 Nf6 45. Qc6 Qd8 46. Ke2 a5 47. Kd3
Nd7 48. Ke2 Nc5 49. Ng4 Bg5 50. Nf2 Bh6 51. Ng4 Bg5 52. Nf2 1/2-1/2

[Event "Bundesliga 9697"]
[Site "Deutschland"]
[Date "1997.??.??"]
[Round "?.5"]
[White "Hetey, Laszlo"]
[Black "Tischbierek, Raj"]
[Result "0-1"]
[WhiteElo "2370"]
[BlackElo "2490"]
[PlyCount "56"]
[EventDate "1996.10.??"]
[EventType "team"]
[EventRounds "15"]
[EventCountry "GER"]
[SourceTitle "Bundesliga 9697"]
[Source "DeepChess"]
[SourceDate "2005.01.01"]
[SourceVersion "1"]
[SourceVersionDate "2005.01.01"]
[SourceQuality "1"]
[WhiteTeam "PSV/BSV Wuppertal 1921 e.V."]
[BlackTeam "SV Empor Berlin e.V."]
[WhiteTeamCountry "GER"]
[BlackTeamCountry "GER"]

1. d4 d5 2. Nf3 Nf6 3. c4 c6 4. cxd5 cxd5 5. Nc3 Nc6 6. Bf4 a6 7. e3 Bg4 8. Be2
e6 9. Ne5 Bxe2 10. Qxe2 Nxe5 11. Bxe5 Be7 12. O-O O-O 13. Rfc1 Qa5 14. Rc2 Rfc8
15. Rac1 Rc6 16. h3 Rac8 17. a3 h6 18. Nd1 Rxc2 19. Rxc2 Rxc2 20. Qxc2 Qe1+ 21.
Kh2 Ne4 22. Qc8+ Kh7 23. Qc2 Kg8 24. Qc8+ Bf8 25. f3 Nd2 26. Bd6 Nf1+ 27. Kg1
Ng3+ 28. Kh2 Ne2 0-1

[Event "Bundesliga 9697"]
[Site "Deutschland"]
[Date "1997.??.??"]
[Round "?.6"]
[White "Luther, Thomas"]
[Black "Kern, Guido"]
[Result "1/2-1/2"]
[WhiteElo "2520"]
[BlackElo "2410"]
[PlyCount "47"]
[EventDate "1996.10.??"]
[EventType "team"]
[EventRounds "15"]
[EventCountry "GER"]
[SourceTitle "Bundesliga 9697"]
[Source "DeepChess"]
[SourceDate "2005.01.01"]
[SourceVersion "1"]
[SourceVersionDate "2005.01.01"]
[SourceQuality "1"]
[WhiteTeam "SV Empor Berlin e.V."]
[BlackTeam "PSV/BSV Wuppertal 1921 e.V."]
[WhiteTeamCountry "GER"]
[BlackTeamCountry "GER"]

1. e4 c5 2. Nf3 Nc6 3. d4 cxd4 4. Nxd4 Nf6 5. Nc3 e5 6. Ndb5 d6 7. Bg5 a6 8.
Na3 Be6 9. Nc4 Rc8 10. Nd5 Bxd5 11. Bxf6 gxf6 12. Qxd5 Nd4 13. O-O-O b5 14. Ne3
Bh6 15. Kb1 Bxe3 16. fxe3 Rc5 17. Qb7 Nxc2 18. Qxa6 Ke7 19. Bd3 Qc7 20. Bxc2
Rxc2 21. Qxd6+ Qxd6 22. Rxd6 Rxb2+ 23. Kxb2 Kxd6 24. Rd1+ 1/2-1/2

[Event "Bundesliga 9697"]
[Site "Deutschland"]
[Date "1997.??.??"]
[Round "?.7"]
[White "Schiffer, Kai Uwe"]
[Black "Poldauf, Dirk"]
[Result "0-1"]
[WhiteElo "2340"]
[BlackElo "2470"]
[PlyCount "67"]
[EventDate "1996.10.??"]
[EventType "team"]
[EventRounds "15"]
[EventCountry "GER"]
[SourceTitle "Bundesliga 9697"]
[Source "DeepChess"]
[SourceDate "2005.01.01"]
[SourceVersion "1"]
[SourceVersionDate "2005.01.01"]
[SourceQuality "1"]
[WhiteTeam "PSV/BSV Wuppertal 1921 e.V."]
[BlackTeam "SV Empor Berlin e.V."]
[WhiteTeamCountry "GER"]
[BlackTeamCountry "GER"]

1. e4 e6 2. d4 d5 3. e5 c5 4. c3 Nc6 5. Nf3 Nge7 6. dxc5 Ng6 7. Be3 Ncxe5 8.
Nxe5 Nxe5 9. f4 Nc6 10. Nd2 a5 11. Nf3 Be7 12. Bd3 O-O 13. Qc2 h6 14. h4 a4 15.
Qf2 Bf6 16. g4 e5 17. g5 e4 18. gxf6 Qxf6 19. Bxe4 dxe4 20. Nd4 Bg4 21. Nxc6
bxc6 22. Bd4 Qf5 23. Qe3 Rab8 24. Rh2 Rb7 25. Rc1 Bf3 26. Rcc2 f6 27. Kd2 Qe6
28. c4 Rd8 29. Kc1 Rxd4 30. Qxd4 Rd7 31. Qg1 Qg4 32. Qe1 Rd1+ 33. Qxd1 Bxd1 34.
Rcd2 0-1

[Event "Bundesliga 9697"]
[Site "Deutschland"]
[Date "1997.??.??"]
[Round "?.8"]
[White "Chekhov, Valery A"]
[Black "Kistella, Roman"]
[Result "1-0"]
[WhiteElo "2520"]
[BlackElo "2275"]
[PlyCount "87"]
[EventDate "1996.10.??"]
[EventType "team"]
[EventRounds "15"]
[EventCountry "GER"]
[SourceTitle "Bundesliga 9697"]
[Source "DeepChess"]
[SourceDate "2005.01.01"]
[SourceVersion "1"]
[SourceVersionDate "2005.01.01"]
[SourceQuality "1"]
[WhiteTeam "SV Empor Berlin e.V."]
[BlackTeam "PSV/BSV Wuppertal 1921 e.V."]
[WhiteTeamCountry "GER"]
[BlackTeamCountry "GER"]

1. d4 d5 2. c4 e6 3. Nc3 Nf6 4. Bg5 Be7 5. e3 h6 6. Bh4 O-O 7. Rc1 b6 8. cxd5
Nxd5 9. Nxd5 exd5 10. Bxe7 Qxe7 11. Bd3 c5 12. Ne2 Be6 13. O-O Nd7 14. Nf4 c4
15. Bb1 Nf6 16. Qd2 a5 17. f3 Rfc8 18. e4 Qc7 19. e5 Nd7 20. Nh5 Rf8 21. Nf6+
Nxf6 22. exf6 Qd8 23. fxg7 Kxg7 24. Rce1 Qf6 25. Re5 Rfd8 26. Rfe1 b5 27. f4 b4
28. R1e3 Rac8 29. Rg3+ Kf8 30. f5 Bd7 31. Bc2 Bb5 32. h3 Bc6 33. Qf4 Ba8 34. h4
Rd6 35. Ree3 Bc6 36. Rg4 Re8 37. Qg3 Re4 38. Bxe4 dxe4 39. Qe5 Qxe5 40. dxe5
Rd2 41. f6 Rxb2 42. Reg3 Ke8 43. e6 fxe6 44. Rf4 1-0

[Event "Bundesliga 9697"]
[Site "Deutschland"]
[Date "1997.??.??"]
[Round "?.2"]
[White "Ward, Christopher"]
[Black "Casper, Thomas"]
[Result "1-0"]
[WhiteElo "2490"]
[BlackElo "2405"]
[PlyCount "87"]
[EventDate "1996.10.??"]
[EventType "team"]
[EventRounds "15"]
[EventCountry "GER"]
[SourceTitle "Bundesliga 9697"]
[Source "DeepChess"]
[SourceDate "2005.01.01"]
[SourceVersion "1"]
[SourceVersionDate "2005.01.01"]
[SourceQuality "1"]
[WhiteTeam "PSV/BSV Wuppertal 1921 e.V."]
[BlackTeam "SV Erfurt West 90"]
[WhiteTeamCountry "GER"]
[BlackTeamCountry "GER"]

1. d4 Nf6 2. c4 d6 3. Nc3 Nbd7 4. e4 e5 5. d5 Nc5 6. f3 a5 7. Be3 Be7 8. Qd2 h6
9. O-O-O Nfd7 10. g3 Bg5 11. f4 Bf6 12. Nf3 g6 13. h4 a4 14. h5 Rg8 15. hxg6
Rxg6 16. f5 Rxg3 17. Qf2 Rg4 18. Rxh6 Nxe4 19. Nxe4 Rxe4 20. Bd3 Rg4 21. Rg1
Rxg1+ 22. Qxg1 e4 23. Bg5 Qe7 24. Rh8+ Bxh8 25. Bxe7 Kxe7 26. Bxe4 a3 27. b3
Bf6 28. Bc2 b6 29. Ng5 Ne5 30. Ne4 Bd7 31. Nxf6 Kxf6 32. Qh2 Ke7 33. Qh7 Rf8
34. Qg7 Bc8 35. f6+ Ke8 36. Kd2 Bg4 37. Kc3 Be2 38. Kb4 Bd3 39. Bxd3 Nxd3+ 40.
Kxa3 Ne5 41. Kb4 Ng6 42. Kb5 Kd7 43. Ka6 Kc8 44. Ka7 1-0

[Event "Bundesliga 9697"]
[Site "Deutschland"]
[Date "1997.??.??"]
[Round "?.3"]
[White "Renner, Christoph"]
[Black "Schebler, Gerhard"]
[Result "0-1"]
[WhiteElo "2445"]
[BlackElo "2435"]
[PlyCount "128"]
[EventDate "1996.10.??"]
[EventType "team"]
[EventRounds "15"]
[EventCountry "GER"]
[SourceTitle "Bundesliga 9697"]
[Source "DeepChess"]
[SourceDate "2005.01.01"]
[SourceVersion "1"]
[SourceVersionDate "2005.01.01"]
[SourceQuality "1"]
[WhiteTeam "SV Erfurt West 90"]
[BlackTeam "PSV/BSV Wuppertal 1921 e.V."]
[WhiteTeamCountry "GER"]
[BlackTeamCountry "GER"]

1. e4 c5 2. g3 d5 3. exd5 Qxd5 4. Nf3 Bg4 5. Bg2 Qe6+ 6. Kf1 Nc6 7. h3 Bh5 8.
d3 Qd7 9. Be3 e6 10. Nbd2 Rd8 11. g4 Bg6 12. Nc4 f6 13. Qe2 b5 14. Ncd2 Nb4 15.
Ne4 c4 16. Nh4 cxd3 17. cxd3 Bf7 18. d4 Be7 19. Nf3 Nd5 20. Rc1 a6 21. Bd2 Rc8
22. Rxc8+ Qxc8 23. Nc3 Nxc3 24. bxc3 Bd6 25. g5 Ne7 26. h4 Nd5 27. Bh3 Ke7 28.
Kg2 Qc4 29. Qe4 Qxa2 30. Re1 Nc7 31. Kh1 Qd5 32. Qd3 Bg6 33. Qe3 Kf7 34. Bg2
Qc4 35. Bf1 Qc6 36. Bg2 Qd7 37. gxf6 gxf6 38. Qh6 Bf8 39. Qf4 Bf5 40. h5 Nd5
41. Qh4 Rg8 42. h6 Bd6 43. Qh5+ Rg6 44. Ra1 Qc8 45. Rg1 Bf4 46. Be1 Kf8 47. Nh4
Rxh6 48. Qxh6+ Bxh6 49. Nxf5 Bf4 50. Bxd5 exd5 51. Rg8+ Kxg8 52. Ne7+ Kf7 53.
Nxc8 Ke6 54. Kg2 Bc7 55. Na7 Kd7 56. Kh3 Bb8 57. Nxb5 axb5 58. Kg4 Ke6 59. Bd2
Bd6 60. f3 Bf8 61. f4 h5+ 62. Kxh5 Kf5 63. Kh4 Bh6 64. Kg3 Ke4 0-1

[Event "Bundesliga 9697"]
[Site "Deutschland"]
[Date "1997.??.??"]
[Round "?.4"]
[White "Hausrath, Daniel"]
[Black "Voekler, Bernd"]
[Result "0-1"]
[WhiteElo "2425"]
[BlackElo "2410"]
[PlyCount "88"]
[EventDate "1996.10.??"]
[EventType "team"]
[EventRounds "15"]
[EventCountry "GER"]
[SourceTitle "Bundesliga 9697"]
[Source "DeepChess"]
[SourceDate "2005.01.01"]
[SourceVersion "1"]
[SourceVersionDate "2005.01.01"]
[SourceQuality "1"]
[WhiteTeam "PSV/BSV Wuppertal 1921 e.V."]
[BlackTeam "SV Erfurt West 90"]
[WhiteTeamCountry "GER"]
[BlackTeamCountry "GER"]

1. d4 Nf6 2. Nf3 g6 3. c4 Bg7 4. Nc3 O-O 5. e4 d6 6. Be2 e5 7. d5 a5 8. h3 Na6
9. Bg5 Qe8 10. Nd2 Bd7 11. O-O h6 12. Be3 Kh7 13. Rc1 Ng8 14. Bd3 Qe7 15. a3
Bf6 16. Nf3 Qe8 17. Bc2 Be7 18. Ba4 Nf6 19. Bxd7 Nxd7 20. Ne1 f5 21. exf5 gxf5
22. f4 Qg6 23. Qc2 Rf7 24. Nf3 Rg8 25. Kh1 e4 26. Nd4 Nac5 27. Rg1 Nd3 28. Rcf1
Qh5 29. Kh2 Nf6 30. Qe2 Ng4+ 31. Kh1 Qh4 32. Nf3 exf3 33. Rxf3 Nxe3 34. Qxe3
Nc5 35. b4 axb4 36. axb4 Na6 37. Nb5 Bd8 38. Qb3 Re8 39. Nd4 Re4 40. Ne6 Bf6
41. Qb1 Bd4 42. Rd1 Bf2 43. Rf1 Be1 44. g4 Bg3 0-1

[Event "Bundesliga 9697"]
[Site "Deutschland"]
[Date "1997.??.??"]
[Round "?.5"]
[White "Mueller, Matthias"]
[Black "Schiffer, Kai Uwe"]
[Result "1-0"]
[WhiteElo "2375"]
[BlackElo "2340"]
[PlyCount "73"]
[EventDate "1996.10.??"]
[EventType "team"]
[EventRounds "15"]
[EventCountry "GER"]
[SourceTitle "Bundesliga 9697"]
[Source "DeepChess"]
[SourceDate "2005.01.01"]
[SourceVersion "1"]
[SourceVersionDate "2005.01.01"]
[SourceQuality "1"]
[WhiteTeam "SV Erfurt West 90"]
[BlackTeam "PSV/BSV Wuppertal 1921 e.V."]
[WhiteTeamCountry "GER"]
[BlackTeamCountry "GER"]

1. e4 e5 2. Nf3 Nc6 3. d4 exd4 4. Nxd4 Qh4 5. Nc3 Bb4 6. Be2 Nf6 7. O-O Bxc3 8.
Nf5 Qxe4 9. Bd3 Qg4 10. f3 Qa4 11. bxc3 Kf8 12. Qe1 d6 13. Nxg7 Kxg7 14. Qg3+
Kf8 15. Bh6+ Ke7 16. Rae1+ Be6 17. Rxe6+ Kxe6 18. Re1+ Ne5 19. f4 Rag8 20. Qh3+
Nfg4 21. fxe5 dxe5 22. Re4 Qxe4 23. Bxe4 f5 24. Bd3 Nxh6 25. Bc4+ Kf6 26. Bxg8
Nxg8 27. Qh4+ Kf7 28. Qd8 e4 29. Qd5+ Kg6 30. g4 fxg4 31. Qxe4+ Kf7 32. Qxb7
Ne7 33. Qxa7 h5 34. Qxc7 Rh6 35. a4 Rg6 36. a5 h4 37. Qc4+ 1-0

[Event "Bundesliga 9697"]
[Site "Deutschland"]
[Date "1997.??.??"]
[Round "?.7"]
[White "Brueggemann, Joachim"]
[Black "Kistella, Roman"]
[Result "1/2-1/2"]
[WhiteElo "2285"]
[BlackElo "2275"]
[PlyCount "105"]
[EventDate "1996.10.??"]
[EventType "team"]
[EventRounds "15"]
[EventCountry "GER"]
[SourceTitle "Bundesliga 9697"]
[Source "DeepChess"]
[SourceDate "2005.01.01"]
[SourceVersion "1"]
[SourceVersionDate "2005.01.01"]
[SourceQuality "1"]
[WhiteTeam "SV Erfurt West 90"]
[BlackTeam "PSV/BSV Wuppertal 1921 e.V."]
[WhiteTeamCountry "GER"]
[BlackTeamCountry "GER"]

1. e4 c5 2. Nf3 d6 3. d4 cxd4 4. Nxd4 Nf6 5. Nc3 Nc6 6. Bg5 e6 7. Qd2 a6 8.
O-O-O h6 9. Be3 Nxd4 10. Bxd4 b5 11. f3 Qa5 12. Kb1 Be7 13. Bxf6 gxf6 14. f4 b4
15. Ne2 Bb7 16. Ng3 h5 17. Bd3 h4 18. Nf1 f5 19. exf5 h3 20. Rg1 Bd5 21. a3 Qb6
22. Ne3 bxa3 23. Qc3 Qxb2+ 24. Qxb2 axb2 25. Nxd5 exd5 26. Kxb2 Bf6+ 27. Ka2
hxg2 28. Rxg2 Rb8 29. Rb1 Kd7 30. Rxb8 Rxb8 31. Rg1 Rb4 32. Rb1 Ra4+ 33. Kb3
Rxf4 34. Ka3 Kc6 35. Bxa6 Rf2 36. Bd3 Rxh2 37. Rb8 Be5 38. Rf8 f6 39. Rc8+ Kb6
40. Rb8+ Kc5 41. Rb4 Rh1 42. Ra4 Re1 43. Kb3 Rb1+ 44. Ka2 Rb8 45. Ka3 Bb2+ 46.
Ka2 Bc3 47. Ka3 Rb1 48. Ka2 Re1 49. Kb3 d4 50. Rc4+ Kd5 51. Rc8 Rb1+ 52. Ka2
Ra1+ 53. Kb3 1/2-1/2

[Event "Bundesliga 9697"]
[Site "Deutschland"]
[Date "1997.??.??"]
[Round "?.8"]
[White "Dresen, Ulrich"]
[Black "Fuhrmann, Daniel"]
[Result "1/2-1/2"]
[WhiteElo "2260"]
[BlackElo "2280"]
[PlyCount "33"]
[EventDate "1996.10.??"]
[EventType "team"]
[EventRounds "15"]
[EventCountry "GER"]
[SourceTitle "Bundesliga 9697"]
[Source "DeepChess"]
[SourceDate "2005.01.01"]
[SourceVersion "1"]
[SourceVersionDate "2005.01.01"]
[SourceQuality "1"]
[WhiteTeam "PSV/BSV Wuppertal 1921 e.V."]
[BlackTeam "SV Erfurt West 90"]
[WhiteTeamCountry "GER"]
[BlackTeamCountry "GER"]

1. d4 d5 2. Nf3 Nf6 3. Bf4 e6 4. e3 Be7 5. Nbd2 O-O 6. Bd3 c5 7. c3 b6 8. Ne5
Bb7 9. Qf3 Nbd7 10. Qh3 h6 11. O-O Nxe5 12. Bxe5 Nd7 13. Nf3 Qc8 14. Bxg7 Kxg7
15. Qg4+ Kh8 16. Qh5 Kg7 17. Qg4+ 1/2-1/2

[Event "Bundesliga 9697"]
[Site "Deutschland"]
[Date "1997.??.??"]
[Round "?.2"]
[White "Slobodjan, Roman"]
[Black "Emms, John M"]
[Result "1-0"]
[WhiteElo "2520"]
[BlackElo "2535"]
[PlyCount "141"]
[EventDate "1996.10.??"]
[EventType "team"]
[EventRounds "15"]
[EventCountry "GER"]
[SourceTitle "Bundesliga 9697"]
[Source "DeepChess"]
[SourceDate "2005.01.01"]
[SourceVersion "1"]
[SourceVersionDate "2005.01.01"]
[SourceQuality "1"]
[WhiteTeam "USC Magdeburg"]
[BlackTeam "PSV/BSV Wuppertal 1921 e.V."]
[WhiteTeamCountry "GER"]
[BlackTeamCountry "GER"]

1. e4 c5 2. Nf3 e6 3. c3 d5 4. exd5 exd5 5. Bb5+ Bd7 6. Qe2+ Qe7 7. O-O Qxe2 8.
Bxe2 Nc6 9. d4 cxd4 10. Nxd4 Nxd4 11. cxd4 Bb4 12. a3 Ba5 13. Nd2 Bd8 14. Nb3
Ne7 15. Bf3 b6 16. Bg5 Be6 17. Rfe1 Rc8 18. Rac1 Rxc1 19. Rxc1 Nf5 20. Bf4 g5
21. Be5 f6 22. Bb8 Kd7 23. Be2 Nd6 24. Nd2 a5 25. Ba6 g4 26. b4 axb4 27. axb4
f5 28. Bd3 Re8 29. Kf1 h5 30. b5 Ne4 31. Nb3 f4 32. Bxf4 Bf5 33. Be2 Bg5 34.
Bxg5 Nxg5 35. Rc6 Re6 36. Rxe6 Nxe6 37. f3 Bc2 38. Na1 Ba4 39. fxg4 Nxd4 40.
gxh5 Ke6 41. Bd3 Kf6 42. g4 Nf3 43. Kf2 Ne5 44. Bf5 d4 45. h6 d3 46. Ke3 Bxb5
47. Nb3 d2 48. Nxd2 Nxg4+ 49. Bxg4 Kg6 50. Be2 Ba4 51. Nc4 Kxh6 52. Nxb6 Bc6
53. Kf4 Be8 54. Kf5 Bg6+ 55. Kf6 Bc2 56. Nc8 Bb3 57. Nd6 Ba2 58. Nf5+ Kh7 59.
Bd3 Kh8 60. Be4 Bb3 61. Nd6 Ba2 62. Kg6 Bb3 63. Bd3 Be6 64. Kh6 Bd5 65. Bh7 Be6
66. Ne4 Bf7 67. Ng5 Bd5 68. h3 Be6 69. Nf3 Bxh3 70. Ne5 Bd7 71. Nf7# 1-0

[Event "Bundesliga 9697"]
[Site "Deutschland"]
[Date "1997.??.??"]
[Round "?.3"]
[White "Ward, Christopher"]
[Black "Rogozenko, Dorian"]
[Result "1/2-1/2"]
[WhiteElo "2490"]
[BlackElo "2530"]
[PlyCount "56"]
[EventDate "1996.10.??"]
[EventType "team"]
[EventRounds "15"]
[EventCountry "GER"]
[SourceTitle "Bundesliga 9697"]
[Source "DeepChess"]
[SourceDate "2005.01.01"]
[SourceVersion "1"]
[SourceVersionDate "2005.01.01"]
[SourceQuality "1"]
[WhiteTeam "PSV/BSV Wuppertal 1921 e.V."]
[BlackTeam "USC Magdeburg"]
[WhiteTeamCountry "GER"]
[BlackTeamCountry "GER"]

1. d4 Nf6 2. c4 d6 3. Nc3 Nbd7 4. e4 e5 5. d5 Be7 6. Be3 Nc5 7. f3 a5 8. Nge2
h5 9. h4 Ng8 10. g3 Nh6 11. Nc1 b6 12. Nd3 f5 13. Nxc5 bxc5 14. Bxh6 Rxh6 15.
exf5 Bxf5 16. Bd3 Qd7 17. Qc2 Rf6 18. Bxf5 Rxf5 19. O-O-O Kf7 20. Rd3 Kg8 21.
Ne4 Raf8 22. Qe2 Rb8 23. Rb3 Rxb3 24. axb3 a4 25. Kc2 axb3+ 26. Kxb3 Rf8 27.
Ra1 Qf5 28. Rf1 Ra8 1/2-1/2

[Event "Bundesliga 9697"]
[Site "Deutschland"]
[Date "1997.??.??"]
[Round "?.4"]
[White "Naumann, Alexander"]
[Black "Schebler, Gerhard"]
[Result "1/2-1/2"]
[WhiteElo "2380"]
[BlackElo "2435"]
[PlyCount "28"]
[EventDate "1996.10.??"]
[EventType "team"]
[EventRounds "15"]
[EventCountry "GER"]
[SourceTitle "Bundesliga 9697"]
[Source "DeepChess"]
[SourceDate "2005.01.01"]
[SourceVersion "1"]
[SourceVersionDate "2005.01.01"]
[SourceQuality "1"]
[WhiteTeam "USC Magdeburg"]
[BlackTeam "PSV/BSV Wuppertal 1921 e.V."]
[WhiteTeamCountry "GER"]
[BlackTeamCountry "GER"]

1. e4 c5 2. Nf3 Nc6 3. d4 cxd4 4. Nxd4 Nf6 5. Nc3 e5 6. Ndb5 d6 7. Bg5 a6 8.
Na3 b5 9. Bxf6 gxf6 10. Nd5 f5 11. Bd3 Be6 12. Qh5 Rg8 13. g3 f4 14. c3 Rc8
1/2-1/2

[Event "Bundesliga 9697"]
[Site "Deutschland"]
[Date "1997.??.??"]
[Round "?.5"]
[White "Hausrath, Daniel"]
[Black "Proehl, Holger"]
[Result "1/2-1/2"]
[WhiteElo "2425"]
[BlackElo "2395"]
[PlyCount "59"]
[EventDate "1996.10.??"]
[EventType "team"]
[EventRounds "15"]
[EventCountry "GER"]
[SourceTitle "Bundesliga 9697"]
[Source "DeepChess"]
[SourceDate "2005.01.01"]
[SourceVersion "1"]
[SourceVersionDate "2005.01.01"]
[SourceQuality "1"]
[WhiteTeam "PSV/BSV Wuppertal 1921 e.V."]
[BlackTeam "USC Magdeburg"]
[WhiteTeamCountry "GER"]
[BlackTeamCountry "GER"]

1. d4 d5 2. c4 e6 3. Nc3 Nf6 4. cxd5 exd5 5. Bg5 Be7 6. e3 c6 7. Bd3 Nbd7 8.
Qc2 O-O 9. Nf3 Re8 10. O-O Nf8 11. h3 g6 12. Bh6 Ne6 13. Ne5 Ng7 14. g4 Nd7 15.
f4 Nxe5 16. dxe5 Bc5 17. Rf3 Ne6 18. f5 Ng5 19. Bxg5 Qxg5 20. e6 Bxe3+ 21. Kg2
Bxe6 22. fxe6 Rxe6 23. Kh1 Rae8 24. Raf1 R6e7 25. b4 Bb6 26. Qg2 Re3 27. Nd1
R3e7 28. Nc3 Re3 29. Nd1 R3e7 30. Nc3 1/2-1/2

[Event "Bundesliga 9697"]
[Site "Deutschland"]
[Date "1997.??.??"]
[Round "?.6"]
[White "Stolz, Mike"]
[Black "Hetey, Laszlo"]
[Result "1/2-1/2"]
[WhiteElo "2280"]
[BlackElo "2370"]
[PlyCount "113"]
[EventDate "1996.10.??"]
[EventType "team"]
[EventRounds "15"]
[EventCountry "GER"]
[SourceTitle "Bundesliga 9697"]
[Source "DeepChess"]
[SourceDate "2005.01.01"]
[SourceVersion "1"]
[SourceVersionDate "2005.01.01"]
[SourceQuality "1"]
[WhiteTeam "USC Magdeburg"]
[BlackTeam "PSV/BSV Wuppertal 1921 e.V."]
[WhiteTeamCountry "GER"]
[BlackTeamCountry "GER"]

1. e4 c5 2. Nf3 d6 3. d4 cxd4 4. Nxd4 Nf6 5. Nc3 e6 6. g4 a6 7. g5 Nfd7 8. Be3
b5 9. Bg2 Bb7 10. h4 b4 11. Nce2 Nc5 12. Ng3 Be7 13. Qd2 d5 14. Nb3 Nxe4 15.
Nxe4 dxe4 16. Qxd8+ Bxd8 17. Nc5 Bd5 18. Bxe4 Bxe4 19. Nxe4 Nd7 20. O-O-O Bb6
21. Nd6+ Ke7 22. Nxf7 Bxe3+ 23. fxe3 Rhf8 24. Rhf1 Ra7 25. g6 hxg6 26. Ng5 Raa8
27. Rf4 Rxf4 28. exf4 a5 29. Rd4 Rc8 30. Re4 Rc6 31. Nf3 Kf6 32. Rd4 Nb6 33.
Rd8 Rc8 34. Rxc8 Nxc8 35. Kd2 Nd6 36. Ne5 Kf5 37. Ke3 Nb7 38. a3 bxa3 39. bxa3
Nd6 40. c4 Kf6 41. c5 Nb5 42. a4 Nc3 43. c6 Ke7 44. Kd4 Nxa4 45. c7 Nb6 46. Kc5
Nc8 47. Kc6 a4 48. Nc4 Kf6 49. Kd7 Ne7 50. Kd8 Kf7 51. Kd7 Kf6 52. Ke8 Nc8 53.
Kd8 Ne7 54. Kd7 a3 55. Nxa3 Nd5 56. Nb5 Kf5 57. Nd4+ 1/2-1/2

[Event "Bundesliga 9697"]
[Site "Deutschland"]
[Date "1997.??.??"]
[Round "?.8"]
[White "Darnstaedt, Frank"]
[Black "Schiffer, Kai Uwe"]
[Result "1/2-1/2"]
[WhiteElo "2295"]
[BlackElo "2340"]
[PlyCount "84"]
[EventDate "1996.10.??"]
[EventType "team"]
[EventRounds "15"]
[EventCountry "GER"]
[SourceTitle "Bundesliga 9697"]
[Source "DeepChess"]
[SourceDate "2005.01.01"]
[SourceVersion "1"]
[SourceVersionDate "2005.01.01"]
[SourceQuality "1"]
[WhiteTeam "USC Magdeburg"]
[BlackTeam "PSV/BSV Wuppertal 1921 e.V."]
[WhiteTeamCountry "GER"]
[BlackTeamCountry "GER"]

1. e4 e5 2. Nf3 Nc6 3. Bc4 Nf6 4. d3 h6 5. c3 d6 6. O-O g6 7. Re1 Bg7 8. Nbd2
O-O 9. Nf1 Kh8 10. Ng3 Nh7 11. h3 Be6 12. Bb3 d5 13. Bd2 Qd7 14. Qc1 h5 15. Bh6
dxe4 16. dxe4 Bxb3 17. axb3 a5 18. Bxg7+ Kxg7 19. Rd1 Qe6 20. c4 Nb4 21. Qc3 f6
22. Rd2 Rf7 23. Rad1 Nf8 24. Nh4 Re8 25. Qe3 Kg8 26. Rd8 Nc6 27. R8d5 Rh7 28.
Ne2 b6 29. c5 b5 30. Qd2 Nb4 31. Rd8 Rxd8 32. Qxd8 Rd7 33. Rxd7 Qxd7 34. Qb8
Qd1+ 35. Kh2 Qxe2 36. Nxg6 Kf7 37. Qxf8+ Kxg6 38. Qg8+ Kh6 39. Qh8+ Kg6 40.
Qg8+ Kh6 41. Qh8+ Kg5 42. f3 Kg6 1/2-1/2

[Event "Bundesliga 9697"]
[Site "Deutschland"]
[Date "1997.??.??"]
[Round "?.1"]
[White "Hracek, Zbynek"]
[Black "Dautov, Rustem"]
[Result "1/2-1/2"]
[WhiteElo "2630"]
[BlackElo "2590"]
[PlyCount "47"]
[EventDate "1996.10.??"]
[EventType "team"]
[EventRounds "15"]
[EventCountry "GER"]
[SourceTitle "Bundesliga 9697"]
[Source "DeepChess"]
[SourceDate "2005.01.01"]
[SourceVersion "1"]
[SourceVersionDate "2005.01.01"]
[SourceQuality "1"]
[WhiteTeam "SAbt SV Werder Bremen"]
[BlackTeam "SC Anderssen St.Ingbert 1920 e.V."]
[WhiteTeamCountry "GER"]
[BlackTeamCountry "GER"]

1. e4 c6 2. d4 d5 3. exd5 cxd5 4. c4 Nf6 5. Nc3 e6 6. Nf3 Bb4 7. Bd3 dxc4 8.
Bxc4 O-O 9. O-O a6 10. Bg5 b5 11. Bb3 Bb7 12. Rc1 Nbd7 13. d5 Bxc3 14. Rxc3
Bxd5 15. Bxd5 exd5 16. Nd4 Qb6 17. Rc6 Qb8 18. Re1 Re8 19. Nf5 Rxe1+ 20. Qxe1
Qe5 21. Qxe5 Nxe5 22. Rc7 Ne8 23. Rb7 Nc4 24. Ne7+ 1/2-1/2